Albums par cover - Booba - Statistiques

Statistiques générales
  • Ce quiz a été pris 546 fois
  • Le résultat moyen est 11 sur 16
Statistiques - réponses
Par images Réponse % Correct
Trône
93%
Nero Némésis
92%
Temps mort
89%
Futur
86%
Ouest Side
86%
D.U.C
85%
0.9
83%
ULTRA
81%
Pantheon
80%
Mauvais Oeil
72%
Lunatic
71%
Autopsie 0
52%
Autopsie vol.3
43%
Autopsie vol.2
42%
Autopsie vol.4
42%
Autopsie vol.1
41%
Aucun quiz correspondant
Distribution des résultats
% des personnes avec chaque résultat
Percentile par nombre de réponses
Votre historique - résultats
Vous n’avez pas pris ce quiz